000 00858cam a2200241 a 4500
001 000007287
005 20200929154124.0
008 890809s1989 ck a b 001 p spa
020 _a9589043682
040 _aDO-SdBNP
_cDLC
_dDLC
082 _aC861.4
_bC485G
100 1 _aGarcía Maffla, Jaime,
_d1944-
_914719
245 1 0 _aFernando Charry Lara /
_cpor Jaime García Maffla.
260 _aBogotá :
_bProcultura,
_cc1989.
300 _a137 p. :
_bil. ;
_c19 cm.
490 1 _aClásicos colombianos
_v9
504 _aIncluye referencias bibliográficas.
600 1 0 _aCHARRY LARA, FERNANDO,
_d1920-2004
_xCRÍTICA E INTERPRETACIÓN
_920230
650 4 _aPoesía colombiana
_xHistoria y crítica
_920231
650 4 _aLiteratura colombiana
_xHistoria y crítica
_917628
830 0 _aClásicos colombianos ;
_v9
_910583
910 _aCatalogación por copia / LC
999 _c7068
_d7068